Phạm Duy nhớ

Những hồi ức của nhạc sĩ Phạm Duy từ thời niên thiếu đến khi trở về sống tại Việt Nam.

Wedi'i Gadw mewn:
Manylion Llyfryddiaeth
Prif Awdur: Phạm, Duy
Fformat: Llyfr
Iaith:Undetermined
Cyhoeddwyd: Thành phố Hồ Chí Minh Trẻ 2008
Pynciau:
Tagiau: Ychwanegu Tag
Dim Tagiau, Byddwch y cyntaf i dagio'r cofnod hwn!
Thư viện lưu trữ: Trung tâm Học liệu Trường Đại học Cần Thơ
LEADER 00696nam a2200217Ia 4500
001 CTU_193673
008 210402s9999 xx 000 0 und d
020 |c 38000 
082 |a 780.92 
082 |b D523 
100 |a Phạm, Duy 
245 0 |a Phạm Duy nhớ 
245 0 |c Phạm Duy 
260 |a Thành phố Hồ Chí Minh 
260 |b Trẻ 
260 |c 2008 
520 |a Những hồi ức của nhạc sĩ Phạm Duy từ thời niên thiếu đến khi trở về sống tại Việt Nam. 
650 |a Musicians,Nhạc sĩ 
650 |x Biography,Tiểu sử 
910 |a Hải 
980 |a Trung tâm Học liệu Trường Đại học Cần Thơ